| 000 | 00935nas a2200301 4500 | ||
|---|---|---|---|
| 001 | BR2012008562 | ||
| 003 | BR-BrBNA | ||
| 005 | 20231205121513.0 | ||
| 007 | ta | ||
| 008 | 230509b bl.|||p| |||| 00| 00por d | ||
| 040 |
_aBR-BrBNA _bpor _cBiblioteca Nacional de Agricultura |
||
| 041 | _a(Pt) | ||
| 072 | _aF01 | ||
| 100 | 1 | _aMonks, P.L. | |
| 100 | 1 | _aFerreira, O.G.L. | |
| 100 | 1 | _aPeske, S.T. | |
| 245 | 1 | _aProdução e qualidade da forragem, antes e após a colheita de sementes, de milheto submetido a diferentes sistemas de cortes | |
| 650 | _aMILHETO | ||
| 650 | _aSEMENTE | ||
| 650 | _aFORRAGEM | ||
| 650 | _aQUALIDADE | ||
| 650 | _aPRODUÇÃO VEGETAL | ||
| 650 | _aMATÉRIA SECA | ||
| 650 | _aPROTEÍNA BRUTA | ||
| 773 | 0 |
_tRevista Brasileira de Agrociência (Brazil) _xISSN 0104-8996 _g(Apr-Jun 2005), v. 11(2) p. 227-230 _wBR2012008562 |
|
| 909 |
_a202311 _bLúcia _c55 _dLúcia Elande |
||
| 942 |
_2AGRIS _n0 _cANA |
||
| 999 |
_c223870 _d223870 |
||